Národohospodářské plánování

Na minha lista:
Detalhes bibliográficos
Autor principal: Rendl, Václav
Autor Corporativo: Vysoká škola ekonomická v Praze. Národohospodářská fakulta
Formato: Livro
Idioma:tcheco
Publicado em: Praha Státní pedagogické nakladatelství 1989
Edição:1. vyd.
Tags: Adicionar Tag
Sem tags, seja o primeiro a adicionar uma tag!

MARC

LEADER 00000nam a2200000 4500
001 c027363
005 20221215120235.2
041 0 |a cze 
044 |a CZ 
245 1 0 |a Národohospodářské plánování  |c Václav Rendl a kol. 
250 |a 1. vyd. 
264 1 |a Praha  |b Státní pedagogické nakladatelství  |c 1989 
300 |a 2 zv. 
100 1 |a Rendl, Václav 
710 2 |a Vysoká škola ekonomická v Praze. Národohospodářská fakulta